000 00561nam a22001937a 4500
003 BD-DhUIB
005 20260513172048.0
008 260513b |||||||| |||| 00| 0 eng d
020 _a9781787389472
040 _aBD-DhUIB
_cBD-DhUIB
050 _a650.1
082 _222
100 _aSasakawa, Yohei.
_91110
245 _aMaking the impossible possible :
_bmy work for leprosy elimination and human rights /
_cby Yohei, Sasakawa.
260 _aLondon :
_bC. Host and co.
_cc1988.
300 _axiv, 837p. :
_billus. ;
_c22cm
526 _aMBA
942 _2ddc
_cBK
999 _c696
_d696